01338nam a2200337 c 450000100060000000300100000600500170001600700030003300800410003602000180007704000350009504100130013008200200014310000420016324501460020525000450035126400490039630000180044533600270046333700330049033800280052349000400055150001060059150000340069750400380073152100410076953400710081065000480088165000420092970000290097159351CO-BoRNBP20251003214742.0ta221102r20162017sp er 000 0 spa d a9788420611457 aCO-BoRNBPbspaerdacCO-BoRNBP1 aspahita04a507.2bD37m222 aDi Trocchio, Federicod1952-2013eaut14aLas mentiras de la ciencia :b¿por qué y cómo engañan los científicos? /cFederico Di Trocchio ; traducción de Constanza V. Meyer. aTercera ediciónbPrimera reimpresión 1aMadrid, España :bAlianza Editorial,c2017 a531 páginas atextobtxt2rdacontent asin mediaciónbn2rdamedia avolumenbnc2rdacarrier0 aEl libro de bolsilloaCienciasvC20 aEl material correspondiente a la dotación PNLB 2022, corresponde a la primera reimpresión de 2016 aIncluye índice onomástico aBibliografía: páginas 505-520 aRecomendado para un público adulto tLe bugie della scienza. Perché e come gli scienziati imbrogliano07aCientíficosvCuriosidades y enigmas2lemb07aCienciavCuriosidades y enigmas2LEMB aMeyer, Constanza V.etrl